000 00327nam a2200133Ia 4500
003 IN-BaIIA
008 211028s9999 xx 000 0 eng d
040 _cIIA Library
080 _a912(086.43)
245 0 _aScan globe (Cartographic material)
260 _aDenmark
650 _aGlobe
_922073
942 _cBK
999 _c12599
_d12599